The poor mouth (An béal bocht); (Record no. 152)

MARC details
000 -LEADER
fixed length control field 00915cam a2200277 4500
001 - CONTROL NUMBER
control field 3156153
005 - DATE AND TIME OF LATEST TRANSACTION
control field 20200421093820.0
008 - FIXED-LENGTH DATA ELEMENTS--GENERAL INFORMATION
fixed length control field 740822s1973 enka 000 1 eng
010 ## - LIBRARY OF CONGRESS CONTROL NUMBER
LC control number 74177196
015 ## - NATIONAL BIBLIOGRAPHY NUMBER
National bibliography number GB***
020 ## - INTERNATIONAL STANDARD BOOK NUMBER
International Standard Book Number 0246106123
040 ## - CATALOGING SOURCE
Original cataloging agency DLC
Transcribing agency DLC
Modifying agency DLC
050 00 - LIBRARY OF CONGRESS CALL NUMBER
Classification number PZ3.O589
Item number Po
Classification number PB1399.O59
082 00 - DEWEY DECIMAL CLASSIFICATION NUMBER
Classification number 891.6/2/34
100 ## - MAIN ENTRY--PERSONAL NAME
Personal name O'Brien, Flann,
Dates associated with a name 1911-1966.
9 (RLIN) 1528
240 10 - UNIFORM TITLE
Uniform title Béal boċt.
Language of a work English
245 14 - TITLE STATEMENT
Title The poor mouth (An béal bocht);
Remainder of title a bad story about the hard life.
Statement of responsibility, etc. Edited by Myles na Gopaleen (Flann O'Brien). Translated by Patrick C. Power and illustrated by Ralph Steadman.
260 ## - PUBLICATION, DISTRIBUTION, ETC.
Place of publication, distribution, etc. London,
Name of publisher, distributor, etc. Hart-Davis, MacGibbon
Date of publication, distribution, etc. [1973]
300 ## - PHYSICAL DESCRIPTION
Extent 128 p.
Other physical details illus.
Dimensions 24 cm.
350 ## - PRICE (NR) (BK AM CF MU VM SE) [OBSOLETE]
Price £2.75
650 #0 - SUBJECT ADDED ENTRY--TOPICAL TERM
Topical term or geographic name entry element Poor
General subdivision Fiction.
9 (RLIN) 273
651 #0 - SUBJECT ADDED ENTRY--GEOGRAPHIC NAME
Geographic name Ireland
General subdivision Fiction.
655 #7 - INDEX TERM--GENRE/FORM
Genre/form data or focus term Satire.
Source of term lcsh
9 (RLIN) 274
906 ## - LOCAL DATA ELEMENT F, LDF (RLIN)
a 7
b cbc
c orignew
d 2
e ncip
f 19
g y-gencatlg
942 ## - ADDED ENTRY ELEMENTS (KOHA)
Source of classification or shelving scheme Dewey Decimal Classification
Koha item type Books
Holdings
Withdrawn status Lost status Damaged status Not for loan Collection Home library Current library Shelving location Date acquired Barcode Date last seen Price effective from Koha item type
        Reference Centerville Centerville General stacks 09/04/2014 39999000006438 09/04/2014 09/04/2014 Books
        Reference Midway Midway General stacks 09/04/2014 39999000006391 09/04/2014 09/04/2014 Books
        Reference Midway Midway General stacks 09/04/2014 39999000006414 09/04/2014 09/04/2014 Books